000 01772cam a2200337 4500
001 ABS68254
008 041001n2004 000 0 eng u
035 _a(Sirsi) u127590
245 _aCommonhold special
260 _c2004
490 _aEstates Gazette
_v(0439) 25 September 2004, 124-131(8)
520 _aA group of six articles on commonhold. "Ownership will never be the same again" considers how commonhold will work in practice, covering the key provisions and guidance. "Sign up for a new tenure" goes through the standard documentation and precise steps for commonhold registration. "Constitution documents: a new drafting challenge" suggests that prescribed documentation will provide some uniformity but will not make the draftsman redundant. "The jury is out for the time being at least" details the Council of Mortgage Lenders view of the new commonhold regime. "From commonhold to commonplace" proposes mixed-use developments as a prime candidate for commonhold ownership and considers its application to a potential scenario. "Comparing commonhold and leasehold" contrasts in tabular form the position of the freehold/reversioner and the position of the unit-holder/tenant under commonhold and leasehold.
590 _aABS
590 _aABS
650 _aCOMMONHOLD AND LEASEHOLD REFORM ACT 2002
650 _aCOMMONHOLD REGULATIONS 2004
650 _aMIXED-USE DEVELOPMENTS
650 _aFREEHOLDERS
650 _aREVERSIONER
650 _aTENANTS
650 _aCOMMONHOLD
650 _aLONG LEASEHOLDS
690 _aLANDLORD AND TENANT
_96252
700 _aSherriff, G.
700 _aFreedman, P.
700 _aHopkins, A.
700 _aAldridge, T.
700 _aChamberlain, L.
700 _aDriscoll, J.
942 _n0
999 _c118097
_d118097